Атрибуты Рождества и Нового года по картинке - Statistics

General Stats
  • This quiz has been taken 10 times
  • The average score is 26 of 30
Answer Stats
Picture Answer % Correct
Санта Клаус / Дед Мороз
100%
Ёлка
100%
Шампанское
100%
Мандарины
100%
Снег
100%
Ирония судьбы
100%
Хлопушки
100%
Красная икра
100%
Один дома
100%
Снеговик
100%
Снегурочка
100%
Сани
100%
Coca-Cola
100%
Подарки
86%
Бенгальские огни
86%
Веселье
86%
Стол / Угощения
86%
Ёлочные игрушки
86%
Салют
86%
Гарри Поттер
86%
Гирлянда
86%
Олени
86%
Гринч
86%
Выходные
86%
Сон
86%
Поздравления
71%
Эльфы
57%
Маскарад
57%
Бубенцы
57%
Николай Чудотворец
57%
No matching quizzes found
Score Distribution
Percent of People with Each Score
Percentile by Number Answered
Your Score History
You have not taken this quiz